R (Warden of Winchester College and Humphrew Feeds Ltd) v Hampshire CC and SOS Environment (Record no. 80249)

MARC details
000 -LEADER
fixed length control field 01999cad a22002175a 4500
001 - CONTROL NUMBER
control field L143630
008 - FIXED-LENGTH DATA ELEMENTS--GENERAL INFORMATION
fixed length control field 080522e20080429xxk f 000 0 eng d
035 ## - SYSTEM CONTROL NUMBER
System control number (Sirsi) u143630
041 0# - LANGUAGE CODE
Language code of text/sound track or separate title eng
245 00 - TITLE STATEMENT
Title R (Warden of Winchester College and Humphrew Feeds Ltd) v Hampshire CC and SOS Environment
Medium [electronic resource]
260 ## - PUBLICATION, DISTRIBUTION, ETC.
Date of publication, distribution, etc. 2008
520 ## - SUMMARY, ETC.
Summary, etc. [2008] EWCA Civ 431, 29 April 2008. Considered the validity of a local authority's decision to grant rights of way to traffic. The appellant landowners (W) argued that the respondent local authority (H) had erred in updating a definitive map upgrading two rights of way. These were shown as a bridleway and a road used as a public path. W argued that any rights of access for open traffic were extinguished by the Natural Environment and Rural Communities Act 2006 s67(1). H had applied to retain these rights under the Wildlife and Countryside Act 1981 schedule 14. W submitted that this was invalid as H failed to supply a map and documentary evidence as required, and that the judge had erred in permitting H to waive these procedural matters. "Held": The application should have been made in strict and full accordance with the relevant paragraph. There was no reason to consider waiver of the need for the documentary evidence or map. It followed that W's applications were not fully qualified under schedule 14 of the 1981 Act. However on ordinary public law principles the decision had been correct that this did not render W's modification unlawful. Appeal allowed.
590 ## - LOCAL NOTE (RLIN)
Local note KA
650 24 - SUBJECT ADDED ENTRY--TOPICAL TERM
Topical term or geographic name entry element R (WARDEN OF WINCHESTER COLLEGE AND HUMPHREY FEEDS LTD) V HAMPSHIRE CC AND SOS ENVIRONMENT
650 24 - SUBJECT ADDED ENTRY--TOPICAL TERM
Topical term or geographic name entry element NATURAL ENVIRONMENT AND RURAL COMMUNITIES ACT 2006 S67
650 24 - SUBJECT ADDED ENTRY--TOPICAL TERM
Topical term or geographic name entry element WILDLIFE AND COUNTRYSIDE ACT 1981 SCH14
651 #4 - SUBJECT ADDED ENTRY--GEOGRAPHIC NAME
Geographic name England and Wales
Chronological subdivision 1543-
690 ## - LOCAL SUBJECT ADDED ENTRY--TOPICAL TERM (OCLC, RLIN)
Topical term or geographic name as entry element Boundary disputes
9 (RLIN) 6221
856 40 - ELECTRONIC LOCATION AND ACCESS
Uniform Resource Identifier <a href="https://www.bailii.org/ew/cases/EWCA/Civ/2008/431.html">https://www.bailii.org/ew/cases/EWCA/Civ/2008/431.html</a>
Public note View the judgment free of charge at www.bailii.org...
942 ## - ADDED ENTRY ELEMENTS (KOHA)
Suppress in OPAC 0
Holdings
Withdrawn status Lost status Source of classification or shelving scheme Damaged status Not for loan Home library Current library Shelving location Date acquired Total Checkouts Full call number Barcode Date last seen Copy number Price effective from Koha item type
    Dewey Decimal Classification     Virtual Virtual Online 22/05/2008   ONLINE PUBLICATION 143630-1001 06/08/2019 1 06/08/2019 Law report